Daňové a odvodové zaťaženie podnikateľských subjektov v SR diplomová práca

Salvato in:
Dettagli Bibliografici
Autore principale: Raslavská, Martina
Ente Autore: Podnikovohospodárska fakulta EU so sídlom v Košiciach. Katedra účtovníctva a financií
Altri autori: Simonidesová, Jana, 1968-
Natura: Libro
Lingua:slovacco
Pubblicazione: Košice 2014
Tags: Aggiungi Tag
Nessun Tag, puoi essere il primo ad aggiungerne!!

MARC

LEADER 00000nbm a2200000 4500
001 0187060
005 20170201084724.3
041 0 |a slo 
044 |a SK 
245 1 0 |a Daňové a odvodové zaťaženie podnikateľských subjektov v SR  |b diplomová práca  |c Martina Raslavská ; školiteľ: Jana Simonidesová 
264 1 |a Košice  |c 2014 
300 |a 60 s. 
100 1 |a Raslavská, Martina 
700 1 |a Simonidesová, Jana, 1968- 
710 2 |a Podnikovohospodárska fakulta EU so sídlom v Košiciach. Katedra účtovníctva a financií